Août - Statistiques

Statistiques générales
  • Ce quiz a été pris 73 fois
  • Le résultat moyen est 5 sur 9
Statistiques - réponses
Questions Réponses % Correct
Il y a __ jours dans le mois de août. 31
100%
Dans les calendriers grégoriens et julien août est le ______ mois de l’année. Huitième
93%
Le nom août provient du latin Augustus qui a été donné en l’honneur de l’empereur romain _____. Auguste
91%
L’adjectif _______ désigne les personnes prenant leurs vacances en août. Aoûtien
69%
Le ______ est la couleur du mois d’août. Vert
51%
Le mois d’août a également donné son nom à une larve d’acarien qui provoque des démangeaisons à cette période: l’______ Aoutât
33%
Le dicton du mois d’août est « Qui se ______ le 1er août, la corde il se met au cou. » Marie
25%
Le ______ est la pierre associée au mois d’août. Péridot
6%
Le _______ est la fleur associée au mois d’août. Glaïeul
4%
Aucun quiz correspondant
Distribution des résultats
% des personnes avec chaque résultat
Percentile par nombre de réponses
Votre historique - résultats
Vous n’avez pas pris ce quiz